000
00308nam a22001337a 4500
008
170324b xxu||||| |||| 00| 0 eng d
020
_a
9780072354126
041
_a
eng
080
_2
3ED
_a
615.83
100
_a
8
101
_a
SHM
245
_a
A HISTORY AND PHILOSOPHY SPORT
_c
MECHIKOFF.R.A
942
_2
udc
_c
BK
999
_c
8555
_d
8555